Statistiques concernant Culture Générale - Série 443

Cliquez ici pour prendre le quiz!

Statistiques générales

  • Ce quiz a été pris 233 fois
    (79 depuis la dernière actualisation)
  • Le résultat moyen est 4 sur 10

Statistiques - réponses

QuestionRéponse% Correct
Quel président américain déclare : "Je ne suis pas un escroc", avant d'être obligé de démissionner en 1974 ?Richard Nixon
91%
Complétez le titre de la chanson de Joe Dassin "Siffler sur la ...colline
75%
Dans quelle ville Oscar Wilde est‐il enterré ?Paris
45%
A Marseille, quelle avenue va de l'église Saint‐Vincent‐de‐Paul au Vieux‐Port ?La Canebière
32%
Comment s'appelle la cousine dans "La Comédie humaine", de Balzac ?Bette
28%
Qui est le complice de Paul Newman dans le film "L'Arnaque " en 1974 ?Robert Redford
25%
Quel écrivain mourut à 43 ans après 18 mois d'internement pour folie ?Guy de Maupassant
22%
Quel escroc français d'origine russe, responsable d'un important scandale financier, se serait suicidé en 1934 ?Stavisky
17%
Quel auteur, né en 1802, avait une grand‐mère paternelle esclave ? prénom et nomAlexandre Dumas
12%
Qui est l'auteur de "Mademoiselle de Maupin" ?Théophile Gautier
4%

Distribution des résultats

Percentile par nombre de réponses

% des personnes avec chaque résultat

Votre développement - résultats

Vous n’avez pas pris ce quiz depuis la dernière actualisation